| 000 | 00520nam a2200145 4500 | ||
|---|---|---|---|
| 082 | _aMSEE-7 SAL | ||
| 100 | _aMuhammad Saleh Murtaza Gardezi | ||
| 245 | _aMachine learning based adaptive prediction horizon in finite control set model predictive control | ||
| 260 |
_aIslamabad _bNUST-SEECS _c2017 |
||
| 300 |
_a48p. _eCD includes |
||
| 856 | _uhttp://10.250.8.41:8080/xmlui/handle/123456789/6373 | ||
| 942 |
_2ddc _cTHE |
||
| 999 |
_c356242 _d356242 |
||